| 000 | 00592nam a2200217Ia 4500 | ||
|---|---|---|---|
| 003 | OSt | ||
| 005 | 20230605121725.0 | ||
| 008 | 210423s2018 xx 000 0 und d | ||
| 020 | _a978-81-291-0345-1 | ||
| 040 | _cAL | ||
| 041 | _aeng | ||
| 082 | _a158.1 MISP | ||
| 100 |
_aMISHRA (Rajiv K) _9119604 |
||
| 245 | _aPersonality development: transform yourself | ||
| 260 |
_aNew Delhi _bRupa Publications _c2018 |
||
| 300 |
_axi,284 _bPB |
||
| 365 |
_b195 _cINR |
||
| 650 |
_aApplied Psychology _9119605 |
||
| 906 | _adevelopment: ; Personality ; transform ; yourself | ||
| 942 |
_2ddc _cBK |
||
| 999 |
_c176633 _d176633 |
||